Регионална библиотека "Любен Каравелов" - Русе

Стрелецът (Запис номер 501185)

MARC детайли
000 -Лидер
Лидер 01226nam a2200277 a 4500
003 - Код на организацията, давaща контролен номер
Код на организацията, даваща контролен номер BLK
005 - Дата и час на последна редакция
Дата и час на последна редакция 20250428160534.0
008 - Елементи от данни с фиксирана дължина
Елементи с фиксирана дължина 180410b bul|||||r ||||||| ||bul||
020 ## - Международен стандартен номер на книга ISBN
ISBN 9789547695610
040 ## - Източник на каталожния запис
Код на библиотеката BLK
041 ## - Код за език
Език Български
Език за КДБФ Български
080 ## - УДК
УДК текст Бразилска литература
УДК код 821.134.3(81)
УДК – определител -31
УДК – код + определител 821.134.3(81)-31
084 ## - Класификационен индекс по друга класификация
Авторски знак Кодж - К 73
100 1# - Редна дума - Автор
Автор Коелю, Паулу
R(LIN) 80439
245 10 - Сведения за заглавието
Заглавие Стрелецът
Авторска отговорност Паулу Коелю; прев. от португ. Вера Киркова-Жекова; ил. Лиляна Дворянова.
260 ## - Област на издателските данни
Име на издателя Обсидиан
Година на издаване 2023
Печатница София : Инвестпрес
Място на издаване София
300 ## - Физическа характеристика
Брой страници 143 с.
Размер 20 см
380 ## - Жанр
Жанр Худож. лит.
500 ## - Общи забележки
Обща забележка Ориг. загл.: O Arqueiro / Paulo Coelho. - Възприетата форма на името на прев. Вера Киркова-Жекова e Вера Георгиева Киркова
700 ## - Други автори (авторска отговорност)
Друг автор Киркова, Вера Георгиева
9 (RLIN) 343296
852 ## - Местоположение
Сигнатура (форматна) Цб 323052
Отдел Хранилище
942 ## - АРТИКУЛИ
Вид на библиотечния документ Книги
Скрит в OPAC Не
Периодичен библиозапис Да
Koha issues (borrowed), all copies 10
944 ## - СЪЗДАВАНЕ И РЕДАКЦИЯ на ЗАПИСА
Дата на регистрацията/редакция Теодора Пейчева-Дянкова
Служител, извършил регистрацията/редакцията 30576
Номер на служител Цветомила Тодорова
999 ## - СИСТЕМНИ КОНТРОЛНИ НОМЕРА
Koha biblionumber 501185
Koha biblioitemnumber 501185
999 ## - СИСТЕМНИ КОНТРОЛНИ НОМЕРА
Koha biblioitemnumber 501185
Наличности
Код за отписване Код за изгубен артикул Източник на класификационната схема Код за повреда Код за отдаване Артикулен № Име на библиотеката - собственик Име на библиотеката, в която се намира в момента Статус (Текущо местоположение) Дата на вписване в системата Местоположение - отдел Цена в лева Инвентарен номер Систематично азбучна сигнатура Баркод Цена в евро Служебен тип на артикула Коз за рестрикции
  Не е изгубен Universal Decimal Classification Не е повреден заемане за дома 939717 Регионална библиотека "Любен Каравелов" Русе Регионална библиотека "Любен Каравелов" Русе Заемна - подръчен фонд 2024-01-23 Заемна - подръчен фонд 14.00 120000898748 821-31/К 73 П 120000898748 7.16 Книги  
  Не е изгубен Universal Decimal Classification Не е повреден заемане за дома 939718 Регионална библиотека "Любен Каравелов" Русе Регионална библиотека "Любен Каравелов" Русе Заемна - подръчен фонд 2024-01-23 Заемна - подръчен фонд 14.00 120000898747 821-31/К 73 П 120000898747 7.16 Книги  
  Не е изгубен Universal Decimal Classification Не е повреден ползва се в читалня 943754 Регионална библиотека "Любен Каравелов" Русе Регионална библиотека "Любен Каравелов" Русе Хранилище 2024-06-11 Хранилище 20.00 120000908864 Цб 323052 120000908864 10.23 Книги само за читалня
Vip Innovations Ltd, Rousse, Bulgaria 2025